| 000 | 00465nam a2200181Ia 4500 | ||
|---|---|---|---|
| 001 | 51019 | ||
| 008 | 140502s9999 xx 000 0 und d | ||
| 020 | _aNA | ||
| 040 | _cPK-LaUMT | ||
| 082 |
_aRHC 891.4394 _bHAM-N |
||
| 100 | _aHamid Ali Khan | ||
| 245 |
_aNafaias-e-adab (Urdu) _bilmi aur adabi mazaameen _cHamid Ali Khan |
||
| 260 |
_aLahore,Pakistan: _bDaruz Tazkeer, _c2004 |
||
| 300 | _a474 p. | ||
| 546 | _aUR | ||
| 650 | _aUrdu literature | ||
| 942 | _cBK | ||
| 999 |
_c48526 _d48526 |
||